[Event "Banff op U2200"]
[Site "Banff CAN"]
[Date "2022.11.12"]
[Round "3.36"]
[White "Wang, April"]
[Black "Ivanescu, Matthew"]
[Result "0-1"]
[WhiteElo "1355"]
[BlackElo "1793"]
[PlyCount "116"]
[EventDate "2022.11.11"]
[EventType "swiss"]
[EventRounds "6"]
[EventCountry "CAN"]

1. d4 Nf6 2. Nf3 c5 3. c3 e6 4. Bf4 d5 5. e3 Nc6 6. Bb5 Bd7 7. Nbd2 Be7 8. O-O
Nh5 9. Bg3 Nxg3 10. hxg3 O-O 11. Re1 Rc8 12. Qc2 cxd4 13. exd4 Nb4 14. Qb3 Bxb5
15. cxb4 Bc4 16. Nxc4 Rxc4 17. a3 Qc7 18. Qe3 Bf6 19. Rac1 Rc8 20. Rxc4 Qxc4
21. Rd1 h6 22. Kh2 Qc2 23. Rd2 Qb1 24. Qe2 Rc1 25. g4 Rc4 26. Rd3 Qc1 27. Rd1
Qf4+ 28. g3 Qxg4 29. Qd3 Qe4 30. b3 Qxd3 31. Rxd3 Rc2 32. Kg2 Be7 33. Nd2 a5
34. bxa5 Bxa3 35. Nb1 Bb4 36. Kf3 Rb2 37. Rd1 Rxb3+ 38. Kg2 Kf8 39. Nd2 Rd3 40.
Rb1 Bxd2 41. Rxb7 Bxa5 42. Rb8+ Ke7 43. Rg8 g6 44. Rh8 h5 45. Ra8 Bb6 46. Ra6
Bxd4 47. Ra4 Rd2 48. Kh3 Bxf2 49. g4 h4 50. g5 d4 51. Ra7+ Kf8 52. Ra8+ Kg7 53.
Rd8 d3 54. Rd7 Bg3 55. Rc7 Rh2+ 56. Kg4 Bxc7 57. Kf3 d2 58. Kg4 d1=B# 0-1

[Event "Banff op U2200"]
[Site "Banff CAN"]
[Date "2022.11.12"]
[Round "3.37"]
[White "Morrison, Scott"]
[Black "Ramalho, David"]
[Result "0-1"]
[WhiteElo "1227"]
[BlackElo "1776"]
[PlyCount "31"]
[EventDate "2022.11.11"]
[EventType "swiss"]
[EventRounds "6"]
[EventCountry "CAN"]

1. d4 Nf6 2. Bf4 e6 3. Nf3 d5 4. e3 Nbd7 5. Nc3 Bd6 6. Ne5 Qe7 7. Nb5 Bxe5 8.
dxe5 Ne4 9. Nxc7+ Kd8 10. Nxa8 Qb4+ 11. Ke2 Qxb2 12. Kf3 Nxe5+ 13. Bxe5 Qxe5
14. Qe1 Qf6+ 15. Ke2 b6 16. f3 0-1

[Event "Banff op U2200"]
[Site "Banff CAN"]
[Date "2022.11.12"]
[Round "3.38"]
[White "Yoker, Callum"]
[Black "Wu, Nicholas"]
[Result "1/2-1/2"]
[WhiteElo "1666"]
[BlackElo "1342"]
[PlyCount "60"]
[EventDate "2022.11.11"]
[EventType "swiss"]
[EventRounds "6"]
[EventCountry "CAN"]

1. d4 d5 2. c4 dxc4 3. e3 a6 4. a4 e6 5. Bxc4 Nf6 6. Nf3 c5 7. O-O Nc6 8. Nc3
Be7 9. h3 O-O 10. dxc5 Bxc5 11. Qe2 b6 12. Rd1 Qe7 13. e4 Bb7 14. Bg5 Qc7 15.
Rd2 Ne5 16. Nxe5 Qxe5 17. Bxf6 Qxf6 18. Rad1 Rfd8 19. Rxd8+ Rxd8 20. Rxd8+ Qxd8
21. Bxa6 Bxa6 22. Qxa6 h6 23. Qe2 Qf6 24. g3 Bd4 25. Kg2 Bxc3 26. bxc3 Qxc3 27.
Qb5 Qc7 28. e5 Kh7 29. Qd3+ Kg8 30. Qe4 Qd7 1/2-1/2

[Event "Banff op U2200"]
[Site "Banff CAN"]
[Date "2022.11.12"]
[Round "3.39"]
[White "Xu, Joey"]
[Black "Wang, Lucas"]
[Result "1-0"]
[WhiteElo "1628"]
[BlackElo "1355"]
[PlyCount "101"]
[EventDate "2022.11.11"]
[EventType "swiss"]
[EventRounds "6"]
[EventCountry "CAN"]

1. e4 c5 2. Nc3 Nc6 3. Bb5 d6 4. Bxc6+ bxc6 5. f4 g6 6. Nf3 Bg7 7. d3 Nf6 8.
O-O O-O 9. Qe1 Ba6 10. f5 c4 11. d4 Rb8 12. Rb1 Bc8 13. Qg3 Nh5 14. Qh4 c5 15.
Be3 cxd4 16. Nxd4 Bf6 17. Qf2 Bg7 18. Nc6 Qc7 19. Nxb8 Qxb8 20. Nd5 Qb7 21. Qh4
Re8 22. c3 e6 23. fxg6 fxg6 24. Nb4 Bf6 25. Qg4 e5 26. Qf3 Rf8 27. Nd5 Bg7 28.
Qe2 Re8 29. Qxc4 Be6 30. Qd3 Rc8 31. Bg5 Kh8 32. Ne7 Bc4 33. Qxd6 Ra8 34. Rfe1
Bxa2 35. Rbd1 Rf8 36. Qd2 Qb6+ 37. Be3 Qb7 38. Nd5 Bc4 39. Bc5 Rd8 40. Qf2 Qb3
41. Bb4 Nf4 42. Qf3 Be2 43. Nxf4 Bxd1 44. Qf2 exf4 45. Qxf4 Qxb2 46. Qc7 Qd2
47. Rf1 Be2 48. c4 Qd4+ 49. Kh1 Bxf1 50. Bc3 Qd1 51. Qxg7# 1-0

[Event "Banff op U2200"]
[Site "Banff CAN"]
[Date "2022.11.12"]
[Round "3.40"]
[White "Jiang, William"]
[Black "Xu, Hannah"]
[Result "1-0"]
[WhiteElo "1651"]
[BlackElo "1467"]
[PlyCount "97"]
[EventDate "2022.11.11"]
[EventType "swiss"]
[EventRounds "6"]
[EventCountry "CAN"]

1. e4 e6 2. d4 d5 3. Nc3 Nf6 4. e5 Nfd7 5. f4 c5 6. Nf3 Nc6 7. Be3 c4 8. g4 g6
9. f5 Nb6 10. Bg5 Be7 11. Bxe7 Qxe7 12. f6 Qd8 13. Nb5 O-O 14. Qd2 Nd7 15. Qh6
Nxf6 16. exf6 Qxf6 17. Ng5 Qh8 18. O-O-O Bd7 19. Nc3 Rab8 20. Bg2 b5 21. Rhf1
Rb7 22. Rf6 b4 23. Ne2 Nd8 24. Rdf1 Rb6 25. h4 Be8 26. h5 Qg7 27. Qxg7+ Kxg7
28. hxg6 hxg6 29. R6f4 Rh8 30. Nh3 Bb5 31. c3 a5 32. R1f3 Rb7 33. g5 Nc6 34.
Rg3 Rbb8 35. Rf1 Ne7 36. Rgf3 Nf5 37. Nhf4 Rb6 38. Kd2 Nh4 39. Nh5+ Kf8 40.
Rxf7+ Ke8 41. Ng7+ Kd8 42. Nf4 Bd7 43. Bh3 Nf5 44. Nxf5 gxf5 45. g6 Be8 46. Ra7
Rg8 47. Re1 Rb8 48. Nxe6+ Kc8 49. Rc7# 1-0

[Event "Banff op U2200"]
[Site "Banff CAN"]
[Date "2022.11.12"]
[Round "3.41"]
[White "Atwood, Matthew"]
[Black "Nalual, Bernie"]
[Result "1-0"]
[WhiteElo "1303"]
[BlackElo "1600"]
[PlyCount "108"]
[EventDate "2022.11.11"]
[EventType "swiss"]
[EventRounds "6"]
[EventCountry "CAN"]

1. c4 Nf6 2. d4 e6 3. Nc3 d5 4. e3 Be7 5. Nf3 a6 6. a4 Bb4 7. Bd3 Nbd7 8. O-O
O-O 9. Qc2 h6 10. Bd2 c5 11. cxd5 exd5 12. Rfe1 c4 13. Bf1 Bxc3 14. Bxc3 Ne4
15. Bb4 Re8 16. b3 cxb3 17. Qxb3 Ndf6 18. Ne5 Be6 19. f3 Nd6 20. Rac1 Rc8 21.
Rxc8 Nxc8 22. Ba3 Qa5 23. Rc1 b5 24. axb5 axb5 25. Bxb5 Qb6 26. Qd3 Rd8 27. Bc5
Qc7 28. Nc6 Re8 29. Ba3 Qb7 30. e4 Na7 31. Nxa7 Qxa7 32. Bxe8 Nxe8 33. e5 g6
34. Bc5 Qa5 35. Qe3 Kh7 36. Qe1 Qxe1+ 37. Rxe1 Ng7 38. g4 h5 39. h3 Kh6 40. Kg2
hxg4 41. hxg4 Kh7 42. Kg3 Kh8 43. Kf4 Kh7 44. Kg5 Kh8 45. Kf6 Kg8 46. Ra1 Kh7
47. Rh1+ Kg8 48. Ke7 Bc8 49. Ra1 Be6 50. Bb4 Kh7 51. Bd2 Kg8 52. Be3 Bf5 53.
Ra8+ Kh7 54. Kxf7 Be6+ 1-0

[Event "Banff op U2200"]
[Site "Banff CAN"]
[Date "2022.11.12"]
[Round "3.50"]
[White "Neame, Alex"]
[Black "Jin, Eric"]
[Result "0-1"]
[WhiteElo "1784"]
[BlackElo "1623"]
[PlyCount "76"]
[EventDate "2022.11.11"]
[EventType "swiss"]
[EventRounds "6"]
[EventCountry "CAN"]

1. e4 c5 2. Nf3 d6 3. d4 cxd4 4. Nxd4 Nf6 5. Nc3 a6 6. Be3 e5 7. Nb3 Be7 8. Bc4
Be6 9. Nd5 Nxd5 10. exd5 Bf5 11. Nd2 Nd7 12. Bb3 Rc8 13. Rc1 O-O 14. O-O Bg6
15. c4 f5 16. f3 Bg5 17. f4 Bxf4 18. Bxf4 exf4 19. Rxf4 Nc5 20. Bc2 Qb6 21. Kh1
Qxb2 22. Nb3 Nxb3 23. axb3 Qe5 24. Qf3 Bh5 25. Qf2 Bg4 26. h3 g5 27. Rd4 Bh5
28. Re1 Qg7 29. Bxf5 Kh8 30. g4 Bg6 31. Rde4 Rc7 32. Re6 Rcf7 33. Rxd6 Bxf5 34.
gxf5 Rxf5 35. Qe3 Rf3 36. Qe7 Rf1+ 37. Rxf1 Rxf1+ 38. Kg2 Qxe7 0-1

[Event "Banff op U2200"]
[Site "Banff CAN"]
[Date "2022.11.12"]
[Round "4.29"]
[White "Jin, Eric"]
[Black "Gerona, Joshua"]
[Result "1-0"]
[WhiteElo "1623"]
[BlackElo "1894"]
[PlyCount "97"]
[EventDate "2022.11.11"]
[EventType "swiss"]
[EventRounds "6"]
[EventCountry "CAN"]

1. d4 Nf6 2. Bg5 d5 3. Bxf6 exf6 4. e3 c5 5. Nf3 Nc6 6. Nc3 Be6 7. Be2 Be7 8.
O-O O-O 9. dxc5 Bxc5 10. Nb5 a6 11. Nbd4 Nxd4 12. Nxd4 Qb6 13. Rb1 Rac8 14. c3
Rfd8 15. Qd2 Qc7 16. Rfd1 b5 17. a3 g6 18. Bf3 Kg7 19. Qe2 h5 20. Nc2 Qe5 21.
Rd2 Rh8 22. Rbd1 Rcd8 23. Nb4 Bd6 24. g3 Bxb4 25. axb4 Bg4 26. Bxg4 hxg4 27.
Qxg4 Rh5 28. h4 f5 29. Qf3 Qe4 30. Qxe4 fxe4 31. Rd4 Re5 32. Ra1 Rd6 33. g4 g5
34. hxg5 Rxg5 35. Rad1 Re5 36. Kg2 Kf6 37. Kg3 Ke6 38. Kf4 f6 39. f3 exf3 40.
Kxf3 Re4 41. Rh1 Re5 42. Kf4 Kd7 43. Rhd1 Ke7 44. e4 Rde6 45. exd5 Rd6 46. Re4
Rxe4+ 47. Kxe4 Kf7 48. Kf5 Kg7 49. b3 1-0

[Event "Banff op U2200"]
[Site "Banff CAN"]
[Date "2022.11.12"]
[Round "4.30"]
[White "Sembrano, Joshua"]
[Black "Ivanescu, Mark"]
[Result "0-1"]
[WhiteElo "1746"]
[BlackElo "1946"]
[PlyCount "62"]
[EventDate "2022.11.11"]
[EventType "swiss"]
[EventRounds "6"]
[EventCountry "CAN"]

1. d4 Nf6 2. Nc3 d5 3. Bf4 Bf5 4. f3 e6 5. g4 Bg6 6. h4 h6 7. e3 Bd6 8. Nh3 a6
9. Bxd6 Qxd6 10. Nf4 Bh7 11. g5 Nfd7 12. gxh6 gxh6 13. Rg1 Qe7 14. h5 Qh4+ 15.
Kd2 Nc6 16. Bd3 Nxd4 17. Bxh7 Rxh7 18. Rg8+ Nf8 19. Ng6 Qf2+ 20. Kd3 fxg6 21.
hxg6 Nf5 22. Qe1 Qxe1 23. Rxe1 Rg7 24. Rxg7 Nxg7 25. Rh1 Nxg6 26. Rxh6 Kf7 27.
Rh2 Rh8 28. Rg2 Nf5 29. Na4 d4 30. Nc5 dxe3 31. Kc3 Nf4 0-1

[Event "Banff op U2200"]
[Site "Banff CAN"]
[Date "2022.11.12"]
[Round "4.33"]
[White "Ivanescu, Matthew"]
[Black "Prasanna, Shreyas"]
[Result "1/2-1/2"]
[WhiteElo "1793"]
[BlackElo "1746"]
[PlyCount "48"]
[EventDate "2022.11.11"]
[EventType "swiss"]
[EventRounds "6"]
[EventCountry "CAN"]

1. d4 Nf6 2. Bf4 d5 3. e3 Bf5 4. c3 e6 5. Nf3 Bd6 6. Bg3 Ne4 7. Bd3 Nxg3 8.
hxg3 Bxd3 9. Qxd3 h6 10. Nbd2 Nd7 11. e4 c6 12. O-O O-O 13. e5 Be7 14. Nh2 Qb6
15. b4 a5 16. a3 axb4 17. axb4 Ra7 18. Rxa7 Qxa7 19. Nb3 Qa2 20. Na5 Rb8 21.
Nf3 Qa4 22. Nd2 c5 23. dxc5 Nxe5 24. Qe2 Ng6 1/2-1/2

[Event "Banff op U2200"]
[Site "Banff CAN"]
[Date "2022.11.12"]
[Round "4.34"]
[White "Jackson, Mateo"]
[Black "Neame, Alex"]
[Result "1-0"]
[WhiteElo "1689"]
[BlackElo "1784"]
[PlyCount "133"]
[EventDate "2022.11.11"]
[EventType "swiss"]
[EventRounds "6"]
[EventCountry "CAN"]

1. e4 c5 2. Nc3 Nc6 3. Bb5 d6 4. f4 Qb6 5. Nf3 Bd7 6. d3 Nf6 7. O-O g6 8. Bc4
Na5 9. e5 dxe5 10. fxe5 Ng4 11. Bd5 c4+ 12. d4 e6 13. Be4 Nc6 14. Bxc6 Bxc6 15.
Ng5 Nxe5 16. Kh1 h6 17. Nxe6 fxe6 18. dxe5 Bg7 19. Qd6 Bd7 20. Ne4 O-O-O 21.
Qxb6 axb6 22. Nd6+ Kc7 23. Be3 Rdf8 24. Nxc4 b5 25. Nd6 Bxe5 26. Nf7 Bxb2 27.
Nxh8 Rxh8 28. Rad1 Bc6 29. Rf7+ Kc8 30. Bb6 Bd5 31. Bd4 Bxd4 32. Rxd4 Rd8 33.
Rd3 e5 34. Rf6 Bxa2 35. Rxd8+ Kxd8 36. Rxg6 Bb1 37. Rb6 Bxc2 38. Rxb5 e4 39.
Rxb7 e3 40. Kg1 Be4 41. Rb2 Ke7 42. Re2 Kf6 43. Rxe3 Bg6 44. Kf2 Kg7 45. Kg3
Kf6 46. Kf4 Bf7 47. g4 Kg6 48. Ra3 Kg7 49. Ra6 Bc4 50. Rb6 Bd3 51. h4 Bc2 52.
Rc6 Bd3 53. h5 Bb5 54. Rd6 Ba4 55. Ke5 Bb3 56. Rd7+ Kh8 57. Kf6 Bc4 58. Kg6 Be6
59. Re7 Bd5 60. Kxh6 Kg8 61. g5 Kf8 62. Rc7 Kg8 63. g6 Kf8 64. g7+ Ke8 65. Rc8+
Ke7 66. g8=Q Bxg8 67. Rxg8 1-0

[Event "Banff op U2200"]
[Site "Banff CAN"]
[Date "2022.11.12"]
[Round "4.35"]
[White "Pivovarov, Juraj"]
[Black "Dave, Bhavik"]
[Result "1-0"]
[WhiteElo "1939"]
[BlackElo "1837"]
[PlyCount "57"]
[EventDate "2022.11.11"]
[EventType "swiss"]
[EventRounds "6"]
[EventCountry "CAN"]

1. e4 e5 2. f4 exf4 3. Nf3 g5 4. h4 g4 5. Ne5 d5 6. exd5 Bg7 7. d4 Nf6 8. Nc3
O-O 9. Bc4 b5 10. Nxb5 Nxd5 11. O-O g3 12. Qh5 Bb7 13. Bxf4 Nd7 14. Bxg3 N7f6
15. Qg5 h6 16. Qd2 a6 17. Nc3 Nh5 18. Qf2 Ndf6 19. Rad1 Qc8 20. Be2 Nxg3 21.
Qxg3 c5 22. Rxf6 cxd4 23. Nb1 Qxc2 24. Bh5 Qc5 25. Bxf7+ Kh8 26. Ng6+ Kh7 27.
Nxf8+ Rxf8 28. Rxh6+ Bxh6 29. Qg6+ 1-0

[Event "Banff op U2200"]
[Site "Banff CAN"]
[Date "2022.11.12"]
[Round "4.36"]
[White "Tolentino, Avelino Angelo"]
[Black "Xu, Joey"]
[Result "1-0"]
[WhiteElo "1845"]
[BlackElo "1628"]
[PlyCount "123"]
[EventDate "2022.11.11"]
[EventType "swiss"]
[EventRounds "6"]
[EventCountry "CAN"]

1. e4 c5 2. Nf3 d6 3. c3 Nf6 4. Be2 Nc6 5. d4 cxd4 6. cxd4 Bd7 7. Nc3 g6 8. d5
Ne5 9. Nxe5 dxe5 10. O-O Bg7 11. Bg5 O-O 12. Qd2 Qb6 13. Be3 Qa5 14. f3 a6 15.
a3 Ne8 16. Qe1 Nd6 17. Qf2 Qd8 18. Bb6 Qe8 19. Rac1 Rc8 20. Bd3 f5 21. exf5
Bxf5 22. Qe2 Bxd3 23. Qxd3 Nc4 24. Bf2 Nxb2 25. Qb1 Nc4 26. Qxb7 Bh6 27. Rcd1
Ne3 28. Ne4 Nxd1 29. Rxd1 Rc1 30. Rxc1 Bxc1 31. Qxa6 Qc8 32. Qd3 Bh6 33. Bc5
Qb7 34. d6 exd6 35. Nxd6 Qd7 36. Qd5+ Kh8 37. Qxe5+ Bg7 38. Qe2 Rc8 39. Nxc8
Qxc8 40. Qe3 Qd7 41. Kf2 h6 42. g4 Qc7 43. Kg2 Kh7 44. h4 Qb7 45. h5 Qb2+ 46.
Kg3 Qb8+ 47. f4 g5 48. Qe4+ Kh8 49. Be3 Qc7 50. Kf3 gxf4 51. Bxf4 Qc3+ 52. Qe3
Qc6+ 53. Kg3 Qb5 54. Bxh6 Be5+ 55. Bf4 Bxf4+ 56. Kxf4 Qc4+ 57. Qe4 Qc1+ 58. Kf5
Qc8+ 59. Qe6 Qc2+ 60. Kf6 Qc3+ 61. Qe5 Qc6+ 62. Kf7+ 1-0

[Event "Banff op U2200"]
[Site "Banff CAN"]
[Date "2022.11.12"]
[Round "4.37"]
[White "Yoker, Callum"]
[Black "Wang, April"]
[Result "1-0"]
[WhiteElo "1666"]
[BlackElo "1355"]
[PlyCount "77"]
[EventDate "2022.11.11"]
[EventType "swiss"]
[EventRounds "6"]
[EventCountry "CAN"]

1. d4 d5 2. c4 c6 3. Nc3 Nf6 4. Nf3 a6 5. Qc2 Bg4 6. Ne5 Bh5 7. Bf4 Nbd7 8. e3
e6 9. Bd3 Be7 10. O-O Bg6 11. Nxg6 hxg6 12. Rad1 Nh5 13. Bg3 Nxg3 14. fxg3 f5
15. Ne2 Bd6 16. Nf4 Qf6 17. cxd5 exd5 18. Rf2 Qg5 19. Re1 Nf6 20. Nh3 Qg4 21.
Qb3 O-O-O 22. Rc2 Bc7 23. Rec1 Rd6 24. Qa4 Kd7 25. Rf2 Nh7 26. Rf4 Qh5 27. Rh4
Qxh4 28. gxh4 Re6 29. Re1 Nf6 30. g3 Ng4 31. Ng5 Re7 32. Qb4 Rhe8 33. h5 gxh5
34. Bxf5+ Kd8 35. Qxb7 Rxe3 36. Qc8+ Ke7 37. Rxe3+ Nxe3 38. Qe6+ Kd8 39. Qd7#
1-0

[Event "Banff op U2200"]
[Site "Banff CAN"]
[Date "2022.11.12"]
[Round "4.40"]
[White "Sharpe, Michael"]
[Black "Morrison, Scott"]
[Result "1-0"]
[WhiteElo "1572"]
[BlackElo "1227"]
[PlyCount "57"]
[EventDate "2022.11.11"]
[EventType "swiss"]
[EventRounds "6"]
[EventCountry "CAN"]

1. c4 Nf6 2. Nc3 e6 3. d4 d5 4. Nf3 Nbd7 5. Bg5 Be7 6. e3 dxc4 7. Bxc4 O-O 8.
O-O Nb6 9. Bd3 Bd7 10. Rc1 c6 11. Ne5 Be8 12. f4 Nbd7 13. Rf3 g6 14. Bh6 Nxe5
15. fxe5 Ng4 16. Bxf8 Bxf8 17. Rg3 Nh6 18. Qf3 Nf5 19. Bxf5 exf5 20. Qxf5 Bd7
21. Qf4 Be7 22. Rf1 Be6 23. Ne4 Qa5 24. Nf6+ Kg7 25. Ng4 g5 26. Nf6 Bxf6 27.
Qxf6+ Kf8 28. Qxe6 Qc7 29. Rgf3 1-0

[Event "Banff op U2200"]
[Site "Banff CAN"]
[Date "2022.11.12"]
[Round "4.41"]
[White "Atwood, Matthew"]
[Black "Wang, Lucas"]
[Result "1-0"]
[WhiteElo "1303"]
[BlackElo "1238"]
[PlyCount "43"]
[EventDate "2022.11.11"]
[EventType "swiss"]
[EventRounds "6"]
[EventCountry "CAN"]

1. c4 Nf6 2. d4 e6 3. Bg5 Be7 4. g3 d5 5. e3 h6 6. Bf4 Ne4 7. Nc3 Nxc3 8. bxc3
g5 9. Be5 f6 10. Qh5+ Kf8 11. Nf3 Nd7 12. Nxg5 fxg5 13. Bxh8 Nf6 14. Qxh6+ Ke8
15. Qg6+ Kd7 16. Bxf6 Bxf6 17. cxd5 exd5 18. Qf7+ Kd6 19. Bg2 c6 20. O-O Bd7
21. c4 Be6 22. c5# 1-0

[Event "Banff op U2200"]
[Site "Banff CAN"]
[Date "2022.11.12"]
[Round "4.42"]
[White "Nalual, Bernie"]
[Black "Xu, Hannah"]
[Result "1/2-1/2"]
[WhiteElo "1600"]
[BlackElo "1467"]
[PlyCount "78"]
[EventDate "2022.11.11"]
[EventType "swiss"]
[EventRounds "6"]
[EventCountry "CAN"]

1. d4 Nf6 2. Bf4 g6 3. e3 Bg7 4. Nf3 d6 5. h3 Nbd7 6. Nbd2 c5 7. c3 a6 8. Be2
O-O 9. O-O b5 10. dxc5 Nxc5 11. Qc2 Bf5 12. Qd1 Bd3 13. Nb3 Bxe2 14. Qxe2 Nfe4
15. Rfd1 Qb6 16. Qc2 Rac8 17. Nfd2 Nxd2 18. Rxd2 b4 19. Nxc5 Rxc5 20. Qb3 Rb8
21. c4 Rbc8 22. Rc1 a5 23. e4 Qc6 24. Rd5 Rxc4 25. Rxc4 Qxc4 26. Qxc4 Rxc4 27.
Rxa5 h6 28. b3 Rxe4 29. Be3 f5 30. g3 g5 31. Rxf5 Be5 32. Kg2 e6 33. Rf3 Kg7
34. g4 Bd4 35. Bd2 Bc5 36. Be3 Bd4 37. Kg3 Be5+ 38. Kg2 Bd4 39. Kg3 Be5+
1/2-1/2

[Event "Banff op U2200"]
[Site "Banff CAN"]
[Date "2022.11.13"]
[Round "5.29"]
[White "Ivanescu, Mark"]
[Black "Jin, Eric"]
[Result "1/2-1/2"]
[WhiteElo "1946"]
[BlackElo "1623"]
[PlyCount "47"]
[EventDate "2022.11.11"]
[EventType "swiss"]
[EventRounds "6"]
[EventCountry "CAN"]

1. d4 Nf6 2. Nf3 g6 3. Nc3 d5 4. Bf4 Bg7 5. e3 O-O 6. Be2 c6 7. O-O Bg4 8. Re1
Nfd7 9. Rb1 Bxf3 10. Bxf3 e5 11. dxe5 Nxe5 12. Bxe5 Bxe5 13. Ne2 Nd7 14. Nd4
Nc5 15. c3 Re8 16. Qc2 Bxd4 17. exd4 Ne6 18. Qd2 Qg5 19. Qxg5 Nxg5 20. Be2 Ne4
21. f3 Nd6 22. Kf2 Kg7 23. Bd3 Kf6 24. Rxe8 1/2-1/2

[Event "Banff op U2200"]
[Site "Banff CAN"]
[Date "2022.11.13"]
[Round "5.30"]
[White "Gerona, Joshua"]
[Black "Jackson, Mateo"]
[Result "1-0"]
[WhiteElo "1894"]
[BlackElo "1689"]
[PlyCount "63"]
[EventDate "2022.11.11"]
[EventType "swiss"]
[EventRounds "6"]
[EventCountry "CAN"]

1. e4 c5 2. Nf3 Nc6 3. d4 cxd4 4. Nxd4 g6 5. Nc3 Bg7 6. Be3 Nf6 7. Bc4 O-O 8.
Bb3 a6 9. f3 b5 10. Qd2 Na5 11. O-O-O Nc4 12. Bxc4 bxc4 13. Nc6 Qe8 14. Na5 d6
15. Nxc4 Be6 16. Nb6 Rb8 17. Nbd5 Qd8 18. Bh6 Nxd5 19. Bxg7 Kxg7 20. Nxd5 Qd7
21. h4 Qa4 22. Kb1 Bxd5 23. exd5 Rb4 24. b3 Rfb8 25. h5 Rh4 26. hxg6 hxg6 27.
g4 Rxh1 28. Rxh1 Qb4 29. Qh6+ Kf6 30. g5+ Kf5 31. Qg7 Qf4 32. Qxf7+ 1-0

[Event "Banff op U2200"]
[Site "Banff CAN"]
[Date "2022.11.13"]
[Round "5.31"]
[White "Pivovarov, Juraj"]
[Black "Ramalho, David"]
[Result "0-1"]
[WhiteElo "1939"]
[BlackElo "1776"]
[PlyCount "82"]
[EventDate "2022.11.11"]
[EventType "swiss"]
[EventRounds "6"]
[EventCountry "CAN"]

1. e4 c5 2. Nf3 d6 3. d4 cxd4 4. Nxd4 Nf6 5. Nc3 a6 6. Be3 Ng4 7. Bg5 h6 8. Bh4
g5 9. Bg3 Bg7 10. h3 Ne5 11. Be2 Nbc6 12. Nb3 Be6 13. Qd2 Nc4 14. Bxc4 Bxc4 15.
f4 gxf4 16. Bxf4 Ne5 17. O-O-O h5 18. Kb1 a5 19. Qd4 Qc7 20. Nd5 Bxd5 21. Qxd5
Qc6 22. Nxa5 Qa6 23. Bd2 b6 24. Nb7 Ra7 25. Nxd6+ exd6 26. Bb4 Nc4 27. Qc6+ Kf8
28. Bxd6+ Kg8 29. a3 Bxb2 30. Rd5 Rh6 31. Rg5+ Bg7 32. Qc8+ Kh7 33. Rxg7+ Kxg7
34. Qf8+ Kh7 35. Be7 Ne5 36. Rd1 Qc4 37. Rd8 Qf1+ 38. Kb2 Qb5+ 39. Bb4 Nc4+ 40.
Kc1 Qg5+ 41. Kb1 Qg7 0-1

[Event "Banff op U2200"]
[Site "Banff CAN"]
[Date "2022.11.13"]
[Round "5.32"]
[White "Prasanna, Shreyas"]
[Black "Ratte, Cameron"]
[Result "1/2-1/2"]
[WhiteElo "1704"]
[BlackElo "1882"]
[PlyCount "60"]
[EventDate "2022.11.11"]
[EventType "swiss"]
[EventRounds "6"]
[EventCountry "CAN"]

1. e4 e6 2. d4 d5 3. exd5 exd5 4. Bd3 Nc6 5. Ne2 Nb4 6. O-O Nxd3 7. Qxd3 Bd6 8.
Nbc3 c6 9. Bf4 Nf6 10. Qe3+ Be6 11. Bxd6 Qxd6 12. Nf4 O-O 13. Nxe6 Rfe8 14. Qg3
Qxg3 15. hxg3 Rxe6 16. Rfe1 Rae8 17. Kf1 Kf8 18. Rxe6 Rxe6 19. Re1 Ke7 20. f3
h5 21. Rxe6+ Kxe6 22. Kf2 Ne8 23. Ne2 g5 24. Nc1 Nd6 25. Nd3 f6 26. c3 b6 27.
Ke2 Nf5 28. Kf2 Kd7 29. b3 Nd6 30. Ke3 Nf5+ 1/2-1/2

[Event "Banff op U2200"]
[Site "Banff CAN"]
[Date "2022.11.13"]
[Round "5.34"]
[White "Sembrano, Joshua"]
[Black "Ivanescu, Matthew"]
[Result "0-1"]
[WhiteElo "1746"]
[BlackElo "1793"]
[PlyCount "102"]
[EventDate "2022.11.11"]
[EventType "swiss"]
[EventRounds "6"]
[EventCountry "CAN"]

1. d4 Nf6 2. Nc3 d5 3. Bf4 e6 4. e3 Bd6 5. Nf3 Bxf4 6. exf4 b6 7. Ne5 Bb7 8.
Bb5+ c6 9. Bd3 Qd6 10. Qf3 Nfd7 11. h4 Nxe5 12. fxe5 Qb4 13. O-O-O Ba6 14. Qg3
Qf8 15. f4 Bxd3 16. Qxd3 b5 17. f5 Nd7 18. Rhf1 Qe7 19. Qg3 g6 20. fxe6 fxe6
21. Rf2 O-O-O 22. Rdf1 Rdf8 23. a4 a6 24. axb5 axb5 25. Nd1 Rxf2 26. Rxf2 Rf8
27. Rxf8+ Qxf8 28. Qf2 Qxf2 29. Nxf2 Kd8 30. g4 h6 31. Nh3 Ke7 32. Kd2 Nf8 33.
Kc3 Kd7 34. Kb4 Kc7 35. Nf4 Kd8 36. h5 g5 37. Ng6 Nxg6 38. hxg6 Ke7 39. Kc5 h5
40. gxh5 g4 41. h6 Kf8 42. Kd6 g3 43. Kxe6 g2 44. Kd7 g1=Q 45. g7+ Kg8 46. e6
Qg4 47. Ke7 Kh7 48. Kf7 Qg6+ 49. Ke7 Qxh6 50. Kd7 Qh3 51. Kd6 Kxg7 0-1

[Event "Banff op U2200"]
[Site "Banff CAN"]
[Date "2022.11.13"]
[Round "5.35"]
[White "Perez, Gilbert"]
[Black "Yoker, Callum"]
[Result "1-0"]
[WhiteElo "1870"]
[BlackElo "1666"]
[PlyCount "64"]
[EventDate "2022.11.11"]
[EventType "swiss"]
[EventRounds "6"]
[EventCountry "CAN"]

1. Nf3 Nf6 2. g3 b6 3. Bg2 Bb7 4. O-O e6 5. d3 Be7 6. e4 d6 7. Nbd2 O-O 8. Re1
c5 9. h4 Nbd7 10. Nf1 c4 11. N1h2 cxd3 12. cxd3 Rc8 13. g4 Qc7 14. g5 Ne8 15.
Nd4 a6 16. Bh3 e5 17. Nf5 Bd8 18. Qh5 Nc5 19. Rd1 Ne6 20. Be3 Bc6 21. Rac1 Qb7
22. Qe2 b5 23. g6 d5 24. exd5 Bxd5 25. Rxc8 Qxc8 26. b4 Qb7 27. d4 exd4 28.
Nxd4 Nxd4 29. Bxd4 Bb6 30. Bc5 Nc7 31. Re1 Ne6 32. Bxe6 Bxe6 {illisible} 1-0

[Event "Banff op U2200"]
[Site "Banff CAN"]
[Date "2022.11.13"]
[Round "5.36"]
[White "Neame, Alex"]
[Black "Atwood, Matthew"]
[Result "0-1"]
[WhiteElo "1784"]
[BlackElo "1303"]
[PlyCount "42"]
[EventDate "2022.11.11"]
[EventType "swiss"]
[EventRounds "6"]
[EventCountry "CAN"]

1. e4 c6 2. Nf3 d5 3. d3 Bg4 4. Be2 e6 5. Bf4 Bd6 6. e5 Bc7 7. d4 Bxf3 8. Bxf3
h6 9. c3 Nd7 10. O-O f6 11. Bh5+ Kf8 12. Re1 g5 13. Bg3 f5 14. h3 Nb6 15. f4
gxf4 16. Bxf4 Qh4 17. Rf1 Nf6 18. Bf3 Qxf4 19. exf6 Nc4 20. Qe2 Qh2+ 21. Kf2
Bg3# 0-1

[Event "Banff op U2200"]
[Site "Banff CAN"]
[Date "2022.11.13"]
[Round "5.37"]
[White "Dunne, Eoin"]
[Black "Sharpe, Michael"]
[Result "1-0"]
[WhiteElo "1609"]
[BlackElo "1572"]
[PlyCount "79"]
[EventDate "2022.11.11"]
[EventType "swiss"]
[EventRounds "6"]
[EventCountry "CAN"]

1. e4 c5 2. Nc3 d6 3. f4 g6 4. Nf3 Bg7 5. Bc4 e6 6. O-O Ne7 7. d3 Nbc6 8. Qe1
Nd4 9. Bb3 Nec6 10. Ne2 Nxb3 11. axb3 Nb4 12. Qd1 Nc6 13. c3 b5 14. Be3 a6 15.
Qe1 Bb7 16. e5 dxe5 17. fxe5 Nxe5 18. Nxe5 Bxe5 19. Bxc5 Bxg2 20. Kxg2 Qd5+ 21.
Kg1 Qxc5+ 22. d4 Bxh2+ 23. Kxh2 Qh5+ 24. Kg2 Qd5+ 25. Kg1 Qxb3 26. Qf2 f5 27.
Nf4 Kf7 28. Rfe1 Rhe8 29. Qh2 Kg7 30. Re5 b4 31. Rc5 Re7 32. Qg2 Rae8 33. Rxa6
bxc3 34. bxc3 Qb1+ 35. Kh2 Qe4 36. Qxe4 fxe4 37. Re5 Kf6 38. Nd5+ Kf7 39. Nxe7
Rxe7 40. c4 1-0

[Event "Banff op U2200"]
[Site "Banff CAN"]
[Date "2022.11.13"]
[Round "5.38"]
[White "Dave, Bhavik"]
[Black "Wu, Nicholas"]
[Result "0-1"]
[WhiteElo "1837"]
[BlackElo "1342"]
[PlyCount "60"]
[EventDate "2022.11.11"]
[EventType "swiss"]
[EventRounds "6"]
[EventCountry "CAN"]

1. d4 d5 2. Nf3 c5 3. g3 Nc6 4. Bg2 Bf5 5. O-O e6 6. a3 h6 7. dxc5 Bxc5 8. b4
Bb6 9. Bb2 Nf6 10. Nbd2 a6 11. c4 dxc4 12. Qa4 O-O 13. Nxc4 Bc7 14. Rfd1 Qe7
15. b5 axb5 16. Qxb5 Na5 17. Bc3 Nxc4 18. Qxc4 Ne4 19. Be1 Rfc8 20. Qb3 Bd6 21.
a4 Nc5 22. Qb5 Bc2 23. Rdc1 Nb3 24. Rxc2 Nxa1 25. Rxc8+ Rxc8 26. Nd4 Rc1 27.
Kf1 Bb4 28. Nf3 Nc2 29. Qc4 Bxe1 30. Qf4 Bd2+ 0-1